000 00372nam a2200145Ia 4500
005 20251222153552.0
008 251222s9999||||xx |||||||||||||| ||spa||
020 _a99724516901
082 _a985/H89
100 _aHuiza, José Luis
245 0 _aEl PerĂș Republicano:
250 _a1ra. ed.
264 _bUniversidad de Lima Fondo de Desarrollo Editorial
942 _cLIB
999 _c30897
_d30897